Crónica de un cercado: Monsanto sobre el maíz mexicano /

Analiza la incidencia de las grandes transnacionales en México, especialmente el caso de Monsanto, sobre la legislación en el tema de biotecnología en dicho país. En la primera parte, se muestran los vínculos de Monsanto con institutos tecnológicos mexicanos; seguido se describe el rol de la asocia...

Popoln opis

Shranjeno v:
Bibliografske podrobnosti
Korporativna značnica: México. Greenpeace
Format: Texto
Jezik:Spanish
Teme:
Oznake: Označite
Brez oznak, prvi označite!

MARC

LEADER 00000 a a2200000 04500
001 48250
003 cru CIDCACS/IIS
005 20180519062531.0
008 171117b xxu||||| |||| 00| 0 spa d
999 |c 25451  |d 25451 
040 |c cru CIDCACS/IIS 
110 |a México.   |b Greenpeace  
245 |a Crónica de un cercado:   |b Monsanto sobre el maíz mexicano /  |c Greenpeace México  
520 |a Analiza la incidencia de las grandes transnacionales en México, especialmente el caso de Monsanto, sobre la legislación en el tema de biotecnología en dicho país. En la primera parte, se muestran los vínculos de Monsanto con institutos tecnológicos mexicanos; seguido se describe el rol de la asociación AgroBio para promover el uso de la biotecnología en México; posteriormente se muestran las relaciones del gobierno federal y de funcionarios públicos con compañías productoras de transgénicos. Finaliza con el análisis a la Ley de Bioseguridad aprobada en el 2005 en México. 
650 1 0 |9 3877  |a GENETICA DE LAS PLANTAS 
650 4 |9 2028  |a INGENIERIA GENETICA 
650 1 0 |9 5502  |a BIOTECNOLOGIA 
650 4 |9 3363  |a EMPRESAS TRANSNACIONALES 
650 0 |9 4407  |a INDUSTRIA ALIMENTARIA 
651 1 0 |a MEXICO  |9 3410 
773 |g páginas 148-158  
942 |2 ddc  |c LI